000 00781nam a22001817a 4500
999 _c60918
_d60918
005 20231117162622.0
008 231117s1986 ru ||||| |||| 00| 0 rus d
041 _arus
080 _a821.124'01=161.1 С-31
100 _aСенека, Луций Анней
_920426
245 _aНравственные письма к Луцилию :
_bТрагедии /
_cЛуций Анней Сенека; Перевод с латинского С. Ошерова.
264 _aМ. :
_bХудожественная литература,
_c1986.
300 _a 541 с.;
_b21 см.
440 _aБиблиотека античной литературы
_920427
653 _aმორალური წერილები
653 _aტრაგედიები
942 _2udc
_cBK